Lúdica como estrategias didáctica para la enseñanza de la lectoescritura, Distrito Educativo 16-07 / Yuderlyn Matías Suero, Kelvin Ramón Hernández Mendoza, Carmen Lely Rondón, asesor, Lorgio Antonio Nuñez Viloria (Registro nro. 19895)

Detalles MARC
000 -LEADER
fixed length control field 01274nam a2200289Ia 4500
001 - CONTROL NUMBER
control field 20282
003 - CONTROL NUMBER IDENTIFIER
control field DO-CoUTE
005 - DATE AND TIME OF LATEST TRANSACTION
control field 20260204212518.0
008 - FIXED-LENGTH DATA ELEMENTS--GENERAL INFORMATION
fixed length control field 220102s9999 dr 000 0 spa d
040 ## - CATALOGING SOURCE
Original cataloging agency DO-CoUTE
Language of cataloging spa
Transcribing agency DO-CoUTE
041 0# - LANGUAGE CODE
Language code of text/sound track or separate title spa
090 ## - LOCALLY ASSIGNED LC-TYPE CALL NUMBER (OCLC); LOCAL CALL NUMBER (RLIN)
Classification number (OCLC) (R) ; Classification number, CALL (RLIN) (NR) EDU-BA 2020 M17
100 1# - MAIN ENTRY--PERSONAL NAME
Personal name Matías Suero, Yuderlyn
Relator term sustentante
245 10 - TITLE STATEMENT
Title Lúdica como estrategias didáctica para la enseñanza de la lectoescritura, Distrito Educativo 16-07 / Yuderlyn Matías Suero, Kelvin Ramón Hernández Mendoza, Carmen Lely Rondón, asesor, Lorgio Antonio Nuñez Viloria
260 ## - PUBLICATION, DISTRIBUTION, ETC.
Place of publication, distribution, etc. Cotuí,República Dominicana :
Name of publisher, distributor, etc. UTECO,
Date of publication, distribution, etc. 2020
300 ## - PHYSICAL DESCRIPTION
Extent 97 páginas
502 ## - DISSERTATION NOTE
Dissertation note Trabajo de grado (Educación Mención Básica )--Universidad Tecnológica del Cibao Oriental, 2020
504 ## - BIBLIOGRAPHY, ETC. NOTE
Bibliography, etc. note Incluye referencia bibliográfica e índice
650 #4 - SUBJECT ADDED ENTRY--TOPICAL TERM
Topical term or geographic name entry element Lúcida como estrategia didáctica--Educación Mención Básica
700 1# - ADDED ENTRY--PERSONAL NAME
Personal name Rondón, Carmen Lely
Relator term sustentante
700 1# - ADDED ENTRY--PERSONAL NAME
Personal name Hernández Mendoza, Kelvin Ramón
Relator term sustentante
700 1# - ADDED ENTRY--PERSONAL NAME
Personal name Núñez Viloria, Lorgio Antonio
Relator term asesor
830 0# - SERIES ADDED ENTRY--UNIFORM TITLE
Uniform title Tesis y disertaciones académicas (Universidad Tecnológica del Cibao Oriental)
942 ## - ADDED ENTRY ELEMENTS (KOHA)
Source of classification or shelving scheme Clasificación Local
Koha item type Tesis
Existencias
Withdrawn status Lost status Source of classification or shelving scheme Damaged status Not for loan Collection code Home library Current library Shelving location Date acquired Inventory number Full call number Barcode Date last seen Copy number Price effective from Koha item type
    Clasificación Local   Préstamo Interno Trabajos de Grado e Investigación Biblioteca UTECO Biblioteca UTECO En Estantería 01/02/2021 ET-2020-020 EDU-BA 2020 M17 ET-2020-020 03/30/2022 Ej.1 01/02/2021 Tesis
© 2021 Derechos Reservados UTECO - Teléfono: +1 809-585-2291 - Correo electrónico: biblioteca@uteco.edu.do​  
Código postal 43000 ​​
Dirección: Avenida Universitaria No. 100, 
Cotuí, Provincia Sánchez Ramírez, República Dominicana - RNC: 404-00059-6